01834nam a2200301Ia 4500952011700000952010500117999001700222008004100239020001800280040000800298050002400306245014700330250001800477260004600495300002300541500004600564500012500610504003300735505042200768519010901190650003301299650003901332700003401371700003501405700003901440700004101479942001201520 00102lcc4070a14b14d2010-10-15l1oQA76.9C65 R55 2009p14 003372r2019-08-31s2019-08-30t1w2012-10-28yLB 00102lcc4070a20b20d2019-06-05l0oQA76.9C65 S55 2009p20 001347r2019-06-05t1w2019-06-05yLB c85639d85639121028s2009 mx a f 000 0 spa d a9789701514573 aRDA aQA76.9C65bS55 2009 aSimulaciónb: métodos y aplicacionesc/ David Ríos Insúa; Sixto Ríos Insúa; Jacinto Martín Jiménez, Antonio Jiménez Martín a2a. edición aMéxicob : Alfaomegab : Ra-Mac , 2009 axv : 388 páginas aPaln Flexible / Informatica / / 14 003372 aIncluye: Índice de contenido Prólogo Ejercicios al final de cada capítulo Índice de autores Índice analítico aBibliografía (pp. 351-370) aConceptos básicos Números aleatorios Generación de variables aleatorias Generación de variables aleatorias con cadenas de markov Simulación de sucesos discretos Simulación y optimización Otras aplicaciones Análisis de resultados Técnicas de reducción de la varianza Planificación de experimentos Simulación de una línea de flujo de trabajo Probabilidades y estadística: conceptos básicos aPlan Flexible / bTecnologías de la Información / cSimulación computacional (P16) / d(20 001347)10aSIMULACIÓN POR COMPUTADORA20a SISTEMAS EXPERTOS (COMPUTACIÓN)10aRíos Insúa, Davidbcoator20aRíos Insúa, Sixtobcoautor 0aMartín Jiménez, Jacintoeautor40aJiménez Martín, Antoniobcoautor cLB2lcc